000 00968nam a22003017a 4500
003 CHAP
005 20220329134655.0
008 971013s1985 r 00010 d
010 _a24031
011 _a25003
035 _a29103
040 _cCHAP
082 _a551.5
_bB72
100 0 0 _aBreimer, Richard.
_915207
245 1 _aSoil and landscape survey of the Mapimi biosphere reserve Durango, Mexico
260 _aMontevideo :
_bUNESCO,
_c1985
300 _a128 p.
_b: ilus. ; mapas ; gráfs.
590 _aBATCH-UPD
_b10
_c20130110
_lUCH01
_h1915
590 _aBATCH-UPD
_b10
_c20130410
_lUCH01
_h1242
590 _aBATCH-UPD
_b10
_c20130914
_lUCH01
_h1934
590 _aCONVERSION
_b10
_c20130109
_lUCH01
_h1314
650 1 4 _aClima
_xDurango.
_923824
650 1 4 _aReserva de la Biósfera de Mapimí, Dgo.
_996093
650 1 4 _aSuelos
_xDurango.
_9110341
901 _aBK
942 _cLIBRO
949 _a551.5 B72
_bBC
_cLIBRO
_d33724000456844
_eLIBRO
_h71242
_i29103
_si
999 _c24031
_d24031